Normal view
MARC view
- Ramamrutham S.
Entry Personal Name
001 - CONTROL NUMBER
- control field: 7561
003 - CONTROL NUMBER IDENTIFIER
- control field: OSt
005 - DATE AND TIME OF LATEST TRANSACTION
- control field: 20250610120122.0
008 - FIXED-LENGTH DATA ELEMENTS
- fixed length control field: 250610|| aca||aabn | a|a d
040 ## - CATALOGING SOURCE
- Original cataloging agency: OSt
- Transcribing agency: OSt
100 ## - HEADING--PERSONAL NAME
- Personal name: Ramamrutham S.
- Personal name: Narayanan R
670 ## - SOURCE DATA FOUND
- Source citation: Work cat.: (OSt)7400: Ramamrutham S. Narayanan R., Design of steel structures (by Limit State Method), 2007, 2015
